000 00961cab a2200253 4500
001 ABS56636
008 090401t1997 xxu||||| |||| 00| 0 eng d
035 _a(Sirsi) u24968
041 _aeng
100 _aWilkinson, H. W.
245 _aVariation of a land contract
260 _c1997
350 _a0
490 _aNew Law Journal
_v147(6779) 14 February 1997, 219-220(2)
520 _aDiscusses the practical consequences of the decision in "McCausland v Duncan Lawrie Ltd" which held that the variation of a land sale contract was invalid under the Law of Property Miscellaneous Provisions Act 1989 s2. Case law. (See ABS56527 for a full report of the case).
650 _aCOMPLETION DATE
650 _aLAW OF PROPERTY MISCELLANEOUS PROVISIONS ACT 1989 S2
650 _aMCCAUSLAND V DUNCAN LAWRIE LTD
650 _aSALE OF LAND
650 _aSPECIFIC PERFORMANCE
690 _aPROPERTY LAW AND PRACTICE
942 _n0
948 _c04/03/1997
999 _c16744
_d16744